000 00267nam a22001217a 4500
008 181101b xxu||||| |||| 00| 0 eng d
041 _aeng
080 _a159.9
100 _a17
101 _aPSI
245 _aModern Clinical Psychiatri
_cKolb.N
942 _2udc
_cBK
999 _c51378
_d51378